|
|
|
|
| LEADER |
00000nab a2200000ua 4500 |
| 001 |
vtls010835752 |
| 003 |
SK-MaSNL |
| 005 |
20260303144417.0 |
| 008 |
230222s2005 xo |||||||||||||||||eng| |
| 035 |
|
|
|a (urnnbn)urn:nbn:sk:snk:ar-a06r39
|
| 035 |
|
|
|a urn:nbn:sk:snk-ab5zmy
|
| 035 |
|
|
|a (uuid)629726fc-9e9c-4c3d-a99b-d8ff583fdf06
|
| 040 |
|
|
|a SNKBUCL
|b slo
|c SNKBUCL
|e AACR2
|
| 041 |
0 |
|
|a eng
|
| 044 |
|
|
|a xo
|c SK
|
| 100 |
1 |
|
|a Pająk, Edward
|4 aut
|9 802799
|
| 245 |
1 |
0 |
|a Didactics Simulation Software in Production Management Education at Technical Universities
|c Edward Pająk, Konrad Leśniak, Krzysztof Żywicki
|
| 246 |
3 |
|
|a Didaktika simulácie softvéru pri vzdelávaní riadenia výroby na technických univerzitách
|
| 700 |
1 |
|
|a Leśniak, Konrad
|4 aut
|9 1165877
|
| 700 |
1 |
|
|a Żywicki, Krzysztof
|4 aut
|9 1165878
|
| 773 |
0 |
|
|t Výrobné inžinierstvo
|g Roč. 4, č. 4 (2005), s. 74-76
|
| 958 |
|
|
|a OND
|
| 958 |
|
|
|a EUIPO
|
| 958 |
|
|
|a article5
|
| 999 |
|
|
|c 1997282
|d 1999212
|